000 02247nam a2200241Ia 4500
003 Ost
005 20260507075010.0
008 260507s9999||||xx |||||||||||||| ||und||
020 _a9957120468
040 _cfsecg
041 _aara
082 _a658.8
100 _aالعلاق، بشير
_eمؤلف
245 0 _aأساسيات التسويق الدوائي /
_c بشير العلاق
260 _aعمان:
_bدار اليازوري العلمية للنشر,
_c2009
300 _a255 صفحة؛
_bإيضاحات ؛
_c25 سم
504 _aبيبليوغرافيا: ص.245 (إقتناءات 2014 3ن)
520 _aيناقش هذا الكتاب بأسلوب سهل ومتسلسل أساسيات التسويق الدوائي، واستراتيجياته، ويقدم للدارسيين والممارسين معلومات محدثة، وأساليب عملية، تمتزج فيها النكهة العلمية، عن عالم التسويق الدوائي وخفاياه، وفنونه، وأفضل ممارساته. إنه يتناول عناصر المزيج التسويقي الدوائي الأربعة، وهي الدواء وأساليب تسعيره، وتوزيعه، وترويجه، بالإضافة إلى توضيح عناصر البيئة الكلية والجزئية التي تؤثر على سلوك القائمين على تقديم المنتج الدوائي، سواء كان سلعة، خدمة، أو فكرة. كما يتناول الكتاب بالتفصيل الأنشطة التسويقية للصيدليات، وهو فصل عملي، يكاد يشكل خطوط إرشادية للصيادلة تمكنهم من أداء أعمالهم، والقيام بنشاطاتهم بفاعلية وكفاية عاليتين. المحتوى صناعة الدواء (مؤسساتها وخواصها وإتجاهاتها) التسويق الدوائي:أساسيات ومفاهيم البيئة التسويقية الدوائية السوق الدوائية المنتجات الدوائية الترويج الدوائي الأنشطة التسويقية للصيدليات
653 _aأدوية- التسويق
653 _aالتسويق
653 _aالصيدلة
942 _cكتاب
999 _c42151
_d42151